Centroamérica en el primer semestre de 2002

Shranjeno v:
Bibliografske podrobnosti
Format: Texto
Teme:
Oznake: Označite
Brez oznak, prvi označite!

MARC

LEADER 00000 a a2200000 04500
001 6584
003
040
245 |a Centroamérica en el primer semestre de 2002  
650 |a LIBRE COMERCIO  
650 |a POLITICA ECONOMICA  
650 |a SEGURIDAD ALIMENTARIA  
773 |g volumen 23, número 1006; páginas 8-10  
999 |c 24808  |d 24808